Top 10 Former Soviet Republic Average Salaries - Statistics

General Stats
  • This quiz has been taken 148 times
  • The average score is 8 of 10
Answer Stats
country % Correct
937 Estonia
98%
664 Latvia
97%
601 Lithuania
97%
438 Russia
93%
323 Armenia
76%
286 Belarus
76%
303 Georgia
74%
257 Kazakhstan
66%
219 Azerbaijan
58%
222 Turkmenistan
57%
No matching quizzes found
Score Distribution
Percent of People with Each Score
Percentile by Number Answered
Your Score History
You have not taken this quiz